Mining Digest (Record no. 5745)

MARC details
000 -LEADER
fixed length control field 00367nam a22001577a 4500
005 - DATE AND TIME OF LATEST TRANSACTION
control field 20181006120121.0
008 - FIXED-LENGTH DATA ELEMENTS--GENERAL INFORMATION
fixed length control field 181006b xxu||||| |||| 00| 0 eng d
020 ## - INTERNATIONAL STANDARD BOOK NUMBER
ISBN 978-81-7956-151-5
041 ## - LANGUAGE CODE
Language code of text/sound track or separate title eng
100 ## - MAIN ENTRY--AUTHOR NAME
Personal name Kaku,L.C
245 ## - TITLE STATEMENT
Title Mining Digest
260 ## - PUBLICATION, DISTRIBUTION, ETC. (IMPRINT)
Place of publication Dhanbad
Name of publisher Lovely Prakashan
Year of publication 2018
300 ## - PHYSICAL DESCRIPTION
Number of Pages 2018
650 ## - SUBJECT ADDED ENTRY--TOPICAL TERM
Topical Term Mining
942 ## - ADDED ENTRY ELEMENTS (KOHA)
Koha item type Books
Holdings
Lost status Damaged status Collection code Home library Current library Shelving location Date acquired Source of acquisition Cost, normal purchase price Full call number Accession Number Koha item type
    MINING JRU Library JRU Library SHELF-60-D 06/10/2018 Purchase 650.00 622 22443 Books
    MINING JRU Library JRU Library SHELF-7-J 06/10/2018 Purchase 650.00 622 22444 Books